Countries By Official Language #2 - Statistics

General Stats
  • This quiz has been taken 19 times
  • The average score is 7 of 10
Answer Stats
Official Languages Country % Correct
Danish Denmark
100%
Estonian Estonia
100%
Slovak Slovakia
100%
Slovene Slovenia
100%
Thai Thailand
100%
Albanian, Serbian Kosovo
88%
Dzongkha Bhutan
59%
French, Sango Central African Republic
24%
French, Kirundim, English Burundi
18%
English, French, Bislama Vanauatu
0%
No matching quizzes found
Score Distribution
Percent of People with Each Score
Percentile by Number Answered
Your Score History
You have not taken this quiz